| 000 | 00633nam a22001817a 4500 | ||
|---|---|---|---|
| 005 | 20251108164143.0 | ||
| 008 | 250721s1992 xx 000 0 ara d | ||
| 082 | 1 | 4 | _a218,61/احم |
| 100 | 1 | _aديدات، أحمد | |
| 245 | 1 | 0 | _aمناظرة العصر بين العلامة أحمد ديدات و القس أنيس شروش / |
| 264 | 1 |
_aالقاهرة : _bدار الفضيلة للنشر والتوزيع والتصدير، _c1992. |
|
| 300 | _a107ص | ||
| 650 | 1 | 7 | _aالمناظرات |
| 650 | 1 | 7 | _aالديانات المقارنة |
| 700 | 1 |
_aالجوهري، علي _eترجمة |
|
| 942 |
_2ddc _cBK |
||
| 999 |
_c4977 _d4977 |
||